[Event "Klubbmesterskapet"]
[Site "?"]
[Date "2006.01.17"]
[Round "1"]
[White "Rist, Karl-Johan"]
[Black "Rasmussen, Rikard"]
[Result "1-0"]
[WhiteElo "1248"]
[BlackElo "919"]
[PlyCount "81"]
[EventDate "2006.01.18"]
[SourceDate "2006.01.18"]

1. d4 Nf6 2. c4 e6 3. Nc3 Bb4 4. Bg5 c6 5. Nf3 Qa5 6. Bd2 d5 7. c5 Nbd7 8. Qc2
b6 9. a3 bxc5 10. Rc1 Bxc3 11. Bxc3 Qc7 12. dxc5 Ba6 13. b4 e5 14. e3 Bxf1 15.
Kxf1 h6 16. g3 e4 17. Nd4 Ne5 18. Nf5 O-O 19. Nd6 Nd3 20. Rd1 Ne8 21. Nf5 Qd7
22. Nd4 Qh3+ 23. Kg1 Rc8 24. Qa4 Qd7 25. Kg2 Nf6 26. Rhf1 Ng4 27. h3 Nge5 28.
f3 f5 29. Qc2 Nc4 30. Qe2 Rce8 31. Nc2 Qe6 32. f4 Qe7 33. Qh5 Qf7 34. Qe2 Re6
35. a4 a6 36. Ne1 Rfe8 37. Bd2 Nxe1+ 38. Rfxe1 Qf6 39. Rb1 d4 40. Qxc4 Rd8 41.
Rbd1 {oppgitt.} 1-0

[Event "Klubbmesterskapet"]
[Site "?"]
[Date "2006.01.17"]
[Round "1"]
[White "Beck-Andersen, Geir"]
[Black "Romsdal, Jørn"]
[Result "0-1"]
[WhiteElo "1178"]
[BlackElo "1291"]
[PlyCount "92"]
[EventDate "2006.01.18"]
[SourceDate "2006.01.18"]

1. e4 e5 2. Nf3 Nf6 3. Nc3 Nc6 4. Bb5 d6 5. h3 Be6 6. d4 exd4 7. Nxd4 Bd7 8.
Bf4 Nxd4 9. Bxd7+ Qxd7 10. Qxd4 Be7 11. O-O O-O 12. Rfe1 Qc6 13. Rac1 Qb6 14.
Qxb6 axb6 15. a3 c6 16. Rcd1 Rfd8 17. e5 Ne8 18. e6 d5 19. exf7+ Kxf7 20. Be3
Bc5 21. Bxc5 bxc5 22. Re5 Nd6 23. Rde1 Rd7 24. R5e2 Nc4 25. Nd1 b5 26. c3 b4
27. axb4 cxb4 28. cxb4 Rb8 29. b3 Nd6 30. Rc2 Rc7 31. Nc3 Nb5 32. Nxb5 Rxb5 33.
Rc3 Rxb4 34. Rec1 Rb6 35. g4 Ke6 36. Kg2 Kd6 37. f4 d4 38. Rc4 c5 39. b4 Rxb4
40. Rxb4 cxb4 41. Rb1 Rc2+ 42. Kf3 Kc5 43. h4 Kc4 44. h5 d3 45. Ke3 b3 46. Rxb3
Re2+ {oppgitt.} 0-1

[Event "Klubbmesterskapet"]
[Site "?"]
[Date "2006.01.17"]
[Round "1"]
[White "Larsen, Helge"]
[Black "Nymo Isaksen, Eirik"]
[Result "0-1"]
[WhiteElo "895"]
[BlackElo "1259"]
[PlyCount "68"]
[EventDate "2006.01.18"]
[SourceDate "2006.01.18"]

1. d4 Nf6 2. c4 g6 3. Nc3 Bg7 4. e4 d6 5. Be3 O-O 6. f3 e5 7. d5 Ne8 8. Qd2 f5
9. Bh6 Qh4+ 10. g3 Qxh6 11. Bd3 Qxd2+ 12. Kxd2 Na6 13. h4 Nc5 14. Be2 a5 15. h5
Nf6 16. hxg6 hxg6 17. Nh3 fxe4 18. f4 Bxh3 19. Rxh3 exf4 20. gxf4 Rae8 21. Ke3
Kf7 22. Nb5 Na6 23. Rg1 Rh8 24. Rhg3 Bh6 25. Rxg6 Reg8 26. R6g3 Rxg3+ 27. Rxg3
Rg8 28. Rh3 Bg7 29. Nd4 Nc5 30. a3 Ng4+ 31. Bxg4 Bxd4+ 32. Kxd4 Rxg4 33. Rh7+
Rg7 34. Rh5 a4 {oppgitt.} 0-1

[Event "Klubbmesterskapet"]
[Site "?"]
[Date "2006.01.17"]
[Round "1"]
[White "Arild, Steinar"]
[Black "Pedersen, Birger"]
[Result "1/2-1/2"]
[WhiteElo "1176"]
[BlackElo "1245"]
[PlyCount "91"]
[SourceDate "2006.01.18"]

1. e4 e5 2. Nf3 Nc6 3. Bc4 d6 4. h3 Be6 5. Bxe6 fxe6 6. d3 h6 7. Nc3 a6 8. a3
Qf6 9. Be3 g5 10. g4 Bg7 11. Qe2 Nge7 12. h4 Rf8 13. Rh3 Nd4 14. Bxd4 exd4 15.
hxg5 hxg5 16. e5 dxe5 17. Ne4 Qg6 18. Nfxg5 Nd5 19. Rg3 O-O-O 20. Qd2 Bh6 21.
Rh3 Rg8 22. Rxh6 Qxh6 23. O-O-O Rg6 24. Kb1 Rdg8 25. Nf3 Qxd2 26. Rxd2 Rxg4 27.
Nxe5 Rg1+ 28. Ka2 Rc1 29. Nf3 e5 30. Nxe5 Rgg1 31. Nf3 Ra1+ 32. Kb3 Rg6 33. Kc4
Nb6+ 34. Kxd4 Rb1 35. b3 Nd7 36. Re2 b5 37. Nc3 c5+ 38. Ke3 Re6+ 39. Kd2 Rxe2+
40. Kxe2 Ra1 41. a4 bxa4 42. Nxa4 Kc7 43. Ng5 Rg1 44. Ne4 Kc6 45. f4 Rc1 46.
Kd2 1/2-1/2

[Event "Klubbmesterskapet"]
[Site "?"]
[Date "2006.01.17"]
[Round "1"]
[White "Haug, Finn"]
[Black "Talberg, Kristian"]
[Result "1-0"]
[WhiteElo "1945"]
[BlackElo "1316"]
[PlyCount "88"]
[SourceDate "2006.01.18"]

1. d4 d5 2. Nf3 Nf6 3. c4 e6 4. e3 Bb4+ 5. Bd2 Bxd2+ 6. Qxd2 O-O 7. Nc3 b6 8.
Ne5 Nfd7 9. cxd5 exd5 10. O-O-O Nxe5 11. dxe5 c6 12. e4 Be6 13. exd5 cxd5 14.
Nxd5 Qd7 15. Nc3 Qe7 16. f4 Nc6 17. Qd6 Qb7 18. Bd3 Rfd8 19. Qa3 Nd4 20. Kb1
Rac8 21. Ne4 Qd5 22. Nd6 Rxd6 23. exd6 Qxg2 24. d7 Bxd7 25. Rc1 Rxc1+ 26. Rxc1
Qd2 27. Qc3 Qxc3 28. Rxc3 Ne6 29. f5 Nc5 30. Kc1 Kf8 31. Bc2 a5 32. Rh3 h6 33.
Re3 f6 34. Kd2 Kf7 35. Kc3 Bc6 36. b3 Na6 37. a3 Nc7 38. Re1 b5 39. Kd4 Bd5 40.
Kc5 Bf3 41. Re3 Bg2 42. Bd1 g6 43. fxg6+ Kf8 44. g7+ {og sort ga opp.} Kg8 1-0

[Event "Klubbmesterskapet"]
[Site "?"]
[Date "2006.01.24"]
[Round "2"]
[White "Hardersen, Steinar"]
[Black "Mikalsen, Odd Erling"]
[Result "0-1"]
[WhiteElo "1474"]
[BlackElo "1576"]
[PlyCount "68"]
[EventDate "2006.01.18"]
[SourceDate "2006.01.18"]

1. d4 Nf6 2. Nc3 d5 3. e4 dxe4 4. f3 c5 5. Bb5+ Bd7 6. d5 Bxb5 7. Nxb5 Qa5+ 8.
Nc3 Nbd7 9. Bd2 exf3 10. Nxf3 Qa6 11. a4 Qc4 12. b3 Qg4 13. O-O Nb6 14. Be3
Nfd7 15. a5 Nc8 16. Nb5 Kd8 17. Qd2 {? ( 17. Sg5 vinner!!)} a6 18. Na3 Nd6 19.
Ng5 Ke8 20. Qf2 Nf6 21. Bxc5 Qxg5 22. Bxd6 exd6 23. c4 Rd8 24. Qa7 Be7 25. Rae1
Kf8 26. Qxb7 Re8 27. Qxa6 h5 28. Qb7 Rh6 29. a6 Rg6 30. Re2 Ng4 31. Qb6 Bd8 32.
Rxe8+ Kxe8 33. Re1+ Ne5 34. g3 Bxb6+ {oppgitt.} 0-1

[Event "Klubbmesterskapet"]
[Site "?"]
[Date "2006.01.24"]
[Round "2"]
[White "Romsdal, Jørn"]
[Black "Rist, Karl-Johan"]
[Result "1-0"]
[WhiteElo "1291"]
[BlackElo "1248"]
[PlyCount "93"]
[SourceDate "2006.01.18"]

1. d4 d5 2. Nf3 Nf6 3. e3 e6 4. c4 c6 5. Nc3 Bb4 6. Bd2 O-O 7. a3 Be7 8. Bd3
Nbd7 9. O-O Qc7 10. Rc1 a6 11. Qc2 Re8 12. cxd5 exd5 13. Ne2 Bd6 14. Nf4 Bxf4
15. exf4 Ne4 16. Rfe1 Ndf6 17. Ng5 Bf5 18. Be3 Re7 19. Nf3 Rae8 20. Ne5 Nd7 21.
f3 Nd6 22. Bxf5 Nxf5 23. Qxf5 Nf8 24. Bd2 Ne6 25. Qd3 f6 26. Ng4 Nxf4 27. Rxe7
Rxe7 28. Bxf4 Qxf4 29. Qc3 h5 30. Nf2 Re3 31. Qd2 Rxf3 32. Qxf4 Rxf4 33. Rd1
Kf7 34. g3 Rf3 35. Rd3 Rxd3 36. Nxd3 b6 37. Nb4 Ke6 38. Nxc6 Kd6 39. Nb4 a5 40.
Nc2 g5 41. Kf2 Ke6 42. Kf3 Kd6 43. b4 Kc6 44. a4 axb4 45. Nxb4+ Kd6 46. h4 Ke6
47. g4 {oppgitt.} 1-0

[Event "Klubbmesterskapet"]
[Site "?"]
[Date "2006.01.24"]
[Round "2"]
[White "Nymo Isaksen, Eirik"]
[Black "Solberg, Joachim"]
[Result "0-1"]
[WhiteElo "1259"]
[BlackElo "2141"]
[PlyCount "52"]
[SourceDate "2006.01.18"]

1. e4 c5 2. Nf3 e6 3. d4 cxd4 4. Nxd4 Bc5 5. Nc3 Nc6 6. Nf3 Nge7 7. Bc4 O-O 8.
O-O a6 9. Be3 Bxe3 10. fxe3 Qb6 11. Qc1 f5 12. Bb3 fxe4 13. Nxe4 Nf5 14. Re1 d5
15. Nc3 Bd7 16. Kh1 Nh6 17. Qd2 Kh8 18. Nd4 Ng4 19. Rf1 Qc7 20. g3 Qe5 21. Rae1
Rxf1+ 22. Rxf1 Nxe3 23. Re1 Qxd4 24. Qxd4 Nxd4 25. Rxe3 Nxb3 26. axb3 d4 {
oppgitt.} 0-1

[Event "Klubbmesterskapet"]
[Site "?"]
[Date "2006.01.24"]
[Round "2"]
[White "Talberg, Kristian"]
[Black "Arild , Steinar"]
[Result "1-0"]
[WhiteElo "1316"]
[BlackElo "1176"]
[PlyCount "113"]
[SourceDate "2006.01.18"]

1. d4 d5 2. c4 e6 3. Nc3 Nf6 4. g3 Bd7 5. cxd5 Nxd5 6. Nxd5 exd5 7. Qb3 Bc6 8.
Bg2 a5 9. Bd2 a4 10. Qe3+ Qe7 11. Qf3 Nd7 12. Nh3 Qf6 13. Qd3 Be7 14. O-O Qe6
15. Nf4 Qd6 16. a3 Nf6 17. Bb4 Qd8 18. Qe3 Ng4 19. Qxe7+ Qxe7 20. Bxe7 Kxe7 21.
Nxd5+ Bxd5 22. Bxd5 c6 23. Bg2 Rhe8 24. e4 Rad8 25. Rfd1 Nf6 26. Rac1 Kf8 27.
e5 Nd5 28. Rc4 Ra8 29. Bxd5 cxd5 30. Rb4 Re7 31. Rc1 Ke8 32. Rc5 Rd7 33. f4 Ke7
34. g4 f6 35. exf6+ Kxf6 36. Rb6+ Kf7 37. Rbb5 Rad8 38. Rb6 Ra8 39. Kf2 g6 40.
Rcb5 Ra7 41. Kf3 Kg7 42. Re6 Ra8 43. Re5 Rc8 44. Rbxd5 Rxd5 45. Rxd5 Rc7 46.
Ke4 b6 47. Rd6 Re7+ 48. Kd5 Re2 49. Rxb6 Rxh2 50. g5 h6 51. Rb7+ Kg8 52. gxh6
Rxh6 53. Ke5 Rh2 54. d5 Re2+ 55. Kf6 Re4 56. Kxg6 Rxf4 57. Rb8+ {oppgitt.} 1-0

[Event "Klubbmesterskapet"]
[Site "?"]
[Date "2006.01.31"]
[Round "3"]
[White "Rist, Karl-Johan"]
[Black "Merzliakov, Boris"]
[Result "1-0"]
[WhiteElo "1257"]
[BlackElo "1108"]
[PlyCount "23"]
[SourceDate "2006.01.18"]

1. e4 e5 2. f4 d6 3. Nf3 Bg4 4. Bc4 Nf6 5. d3 Be7 6. fxe5 dxe5 7. Bxf7+ Kxf7 8.
Nxe5+ Kg8 9. Nxg4 Nxg4 10. Qxg4 Bc5 11. Qe6+ Kf8 12. Rf1+ 1-0

[Event "Klubbmesterskapet"]
[Site "?"]
[Date "2006.01.31"]
[Round "3"]
[White "Arild , Steinar"]
[Black "Nymo Isaksen, Eirik"]
[Result "0-1"]
[WhiteElo "1142"]
[BlackElo "1252"]
[PlyCount "74"]
[SourceDate "2006.01.18"]

1. e4 e5 2. Nf3 Nc6 3. Bc4 Nf6 4. Nc3 Nxe4 5. Bxf7+ Kxf7 6. Nxe4 d5 7. Nc3 Bb4
8. d3 Rf8 9. Qe2 Kg8 10. Bg5 Qd6 11. O-O-O Bg4 12. Rde1 Bxf3 13. gxf3 Nd4 14.
Qxe5 Nxf3 15. Qxd6 Bxd6 16. Be7 Rfe8 17. Bxd6 Rxe1+ 18. Rxe1 Nxe1 19. Bxc7 d4
20. Ne4 Rc8 21. Bd6 Nxc2 22. Bc5 b6 23. Kxc2 bxc5 24. Kb3 Rf8 25. Kc4 Rf5 26.
a3 Kf8 27. b3 Ke7 28. b4 cxb4 29. axb4 Rh5 30. Kxd4 Rxh2 31. Kc4 Rh6 32. Kc5
Rg6 33. Kd4 h5 34. Ke3 Rb6 35. Nc3 Ke6 36. b5 Kf5 37. Kf3 g5 0-1

[Event "Klubbmesterskapet"]
[Site "?"]
[Date "2006.01.31"]
[Round "3"]
[White "Mikalsen, Odd Erling"]
[Black "Romsdal, Jørn"]
[Result "1-0"]
[WhiteElo "1598"]
[BlackElo "1324"]
[PlyCount "61"]
[SourceDate "2006.01.18"]

1. e4 e5 2. Nf3 Nf6 3. Nxe5 d6 4. Nf3 Nxe4 5. d3 Nf6 6. d4 Bg4 7. d5 Nbd7 8.
Bb5 a6 9. Be2 Be7 10. O-O O-O 11. c4 c6 12. Nc3 Bxf3 13. Bxf3 Ne5 14. Be2 Rc8
15. Be3 b5 16. cxb5 cxb5 17. Qd4 Nfd7 18. Ne4 f5 19. Nc3 Bf6 20. Qd2 Nc4 21.
Bxc4 Rxc4 22. Ne2 Ne5 23. Nf4 Qe8 24. b3 Rc8 25. Rac1 Rxc1 26. Rxc1 Ng4 27. h3
Ne5 28. Qa5 g5 29. Ne6 Rf7 30. Qxa6 b4 31. Rc8 1-0

[Event "Klubbmesterskapet"]
[Site "?"]
[Date "2006.01.31"]
[Round "3"]
[White "Rasmussen, Rikard"]
[Black "Pylvinen, Aki"]
[Result "1-0"]
[WhiteElo "1098"]
[BlackElo "793"]
[PlyCount "76"]
[SourceDate "2006.01.18"]

1. e4 e5 2. Nf3 Nc6 3. Bb5 Nf6 4. O-O Nxe4 5. Re1 Nf6 6. Nxe5 Be7 7. Nc3 a6 8.
Bc4 d5 9. Bb3 Nd4 10. Nf3 Nxb3 11. axb3 c6 12. h3 O-O 13. d4 h6 14. Bf4 Nh7 15.
Qd2 Ng5 16. Nxg5 Bxg5 17. Bxg5 Qxg5 18. Qxg5 hxg5 19. Na4 Bf5 20. c3 g4 21.
hxg4 Bxg4 22. Re7 b5 23. Nc5 a5 24. Rc7 Rac8 25. Re7 b4 26. Na4 bxc3 27. bxc3
Rfe8 28. Rxe8+ Rxe8 29. Nc5 Be2 30. Rxa5 Bb5 31. Ra1 g5 32. Nd7 Kg7 33. g3 Rd8
34. Ne5 f6 35. Ra7+ Kg8 36. Ng4 Rf8 37. Nh6+ Kh8 38. Nf7+ Kg7 1-0

[Event "Klubbmesterskapet"]
[Site "?"]
[Date "2006.02.07"]
[Round "4"]
[White "Nymo Isaksen, Eirik"]
[Black "Rist, Karl-Johan"]
[Result "1-0"]
[WhiteElo "1252"]
[BlackElo "1257"]
[PlyCount "49"]
[SourceDate "2006.01.18"]

1. e4 e6 2. d4 d5 3. Nc3 Bb4 4. e5 c5 5. a3 cxd4 6. axb4 dxc3 7. bxc3 Qc7 8.
Bb2 Qxe5+ 9. Be2 Nc6 10. Nf3 Qd6 11. O-O Nf6 12. Bd3 O-O 13. Qe2 Re8 14. c4 e5
15. cxd5 Nxd5 16. Rfd1 f5 17. Bc4 Be6 18. Ng5 Nce7 19. Bxe5 Qb6 20. Bd4 Qc6 21.
Qxe6+ Qxe6 22. Nxe6 Rac8 23. Bb3 Kf7 24. Nf4 Red8 25. Bb2 1-0

[Event "Klubbmesterskapet"]
[Site "?"]
[Date "2006.02.07"]
[Round "4"]
[White "Mikalsen, Odd Erling"]
[Black "Pedersen, Birger"]
[Result "1-0"]
[WhiteElo "1598"]
[BlackElo "1258"]
[PlyCount "55"]
[SourceDate "2006.01.18"]

1. e4 e6 2. d4 d5 3. exd5 exd5 4. Nf3 Bg4 5. Be3 Nc6 6. c3 Qf6 7. Bd3 Bxf3 8.
Qxf3 Qxf3 9. gxf3 O-O-O 10. Nd2 Nf6 11. O-O-O Nd7 12. Rde1 Nb6 13. Kc2 g6 14.
Bg5 Rd6 15. Re8+ Nd8 16. Be7 Bxe7 17. Rxh8 h5 18. Re1 Kd7 19. Nb3 Ne6 20. Nc5+
Kc6 21. b4 Nc4 22. Bxc4 dxc4 23. a4 a6 24. Re8 Bh4 25. Nxe6 fxe6 26. R1xe6 Bxf2
27. Rxd6+ cxd6 28. Rg8 1-0

[Event "Klubbmesterskapet"]
[Site "?"]
[Date "2006.02.07"]
[Round "4"]
[White "Romsdal, Jørn"]
[Black "Martinsen, Harald"]
[Result "0-1"]
[WhiteElo "1324"]
[BlackElo "1188"]
[PlyCount "84"]
[SourceDate "2006.01.18"]

1. d4 d5 2. c4 Nf6 3. Nc3 e6 4. Bg5 dxc4 5. e4 Be7 6. Nf3 a6 7. Bxc4 b5 8. Bb3
b4 9. Bxf6 Bxf6 10. Na4 O-O 11. Rc1 a5 12. O-O Na6 13. Qd3 Bb7 14. Bc2 g6 15.
Qb5 Rb8 16. Qxa5 Bxd4 17. Rfd1 c5 18. Qxd8 Rfxd8 19. Nxd4 cxd4 20. Bd3 e5 21.
Nc5 Nxc5 22. Rxc5 f6 23. Rdc1 Bc8 24. Rc7 Be6 25. b3 Ra8 26. R1c2 Rab8 27. R2c6
Re8 28. Ba6 f5 29. Rxe6 Rxe6 30. Bc4 Rbe8 31. Rc8 Kg7 32. Bxe6 Rxe6 33. exf5
gxf5 34. Kf1 e4 35. Rc4 d3 36. Rxb4 Rc6 37. Ke1 Rc1+ 38. Kd2 Rc2+ 39. Ke3 Re2+
40. Kf4 Rxf2+ 41. Ke3 Re2+ 42. Kf4 d2 0-1

[Event "Klubbmesterskapet"]
[Site "?"]
[Date "2006.02.07"]
[Round "4"]
[White "Pylvinen, Aki"]
[Black "Bakke, Jan Gunnar"]
[Result "0-1"]
[WhiteElo "793"]
[BlackElo "1189"]
[PlyCount "60"]
[SourceDate "2006.01.18"]

1. d4 Nf6 2. Nc3 d5 3. g3 Nc6 4. a3 Bf5 5. e3 e6 6. Nf3 Bd6 7. Nb5 O-O 8. Nxd6
cxd6 9. Bg2 h6 10. b4 Rc8 11. Bb2 Ne7 12. c3 Qd7 13. O-O Rc7 14. Rc1 Rfc8 15.
Nd2 b6 16. f3 Bd3 17. Re1 Bb5 18. e4 dxe4 19. Nxe4 Nfd5 20. Qd2 Bc4 21. Bh3 b5
22. Kg2 Nb6 23. g4 Bd5 24. Ng3 Nc4 25. Qe2 Ng6 26. Nh5 Qe7 27. Rc2 Nh4+ 28. Kf2
Nxf3 29. Qxf3 Bxf3 30. Kxf3 Qh4 0-1

[Event "Klubbmesterskapet"]
[Site "?"]
[Date "2006.02.14"]
[Round "5"]
[White "Rist, Karl-Johan"]
[Black "Talberg, Kristian"]
[Result "1-0"]
[WhiteElo "1257"]
[BlackElo "1290"]
[PlyCount "92"]
[SourceDate "2006.01.18"]

1. d4 Nf6 2. c4 e6 3. Nc3 Bb4 4. Nf3 Bxc3+ 5. bxc3 O-O 6. Bg5 d5 7. cxd5 exd5
8. g3 b6 9. Bg2 Re8 10. O-O Nbd7 11. Re1 h6 12. Bf4 Nh5 13. Bd2 Ndf6 14. Ne5
Ng4 15. Nxg4 Bxg4 16. f3 Be6 17. e4 Qd7 18. g4 Nf6 19. g5 hxg5 20. Bxg5 Nh7 21.
Bh4 Bh3 22. Re2 dxe4 23. fxe4 Bg4 24. e5 Bxe2 25. Qxe2 c6 26. Qf3 Re6 27. Kh1
Rh6 28. Qg3 Rg6 29. Qe3 Qg4 30. Bg3 Ng5 31. Rf1 Rd8 32. Rg1 Qh5 33. Rf1 Ne6 34.
Qf2 Rf8 35. Be4 Rh6 36. Bf3 Qg5 37. Rg1 Qe7 38. Bxc6 Qc7 39. d5 Nd8 40. Qg2
Rxc6 41. e6 Rd6 42. Bxd6 Qxc3 43. e7 Re8 44. exd8=Q Rxd8 45. Be7 Re8 46. d6 Qd3
1-0

[Event "Klubbmesterskapet"]
[Site "?"]
[Date "2006.02.14"]
[Round "5"]
[White "Romsdal, Jørn"]
[Black "Hardersen, Steinar"]
[Result "1-0"]
[WhiteElo "1324"]
[BlackElo "1440"]
[PlyCount "95"]
[SourceDate "2006.01.18"]

1. d4 Nf6 2. c4 g6 3. Nf3 d6 4. Nc3 Bg7 5. e3 Nbd7 6. Bd3 O-O 7. O-O Rb8 8. a4
Re8 9. e4 e5 10. d5 a5 11. Nb5 b6 12. Re1 Rf8 13. Bg5 Nc5 14. Ra3 Bg4 15. h3
Bd7 16. Qd2 Rb7 17. Bc2 Qb8 18. Nc3 Kh8 19. Be3 Na6 20. Na2 Ng8 21. b4 f5 22.
exf5 gxf5 23. b5 Nb4 24. Nxb4 axb4 25. Qxb4 f4 26. Bd2 Nf6 27. a5 Rg8 28. axb6
Bf8 29. bxc7 Qxc7 30. Qc3 Bxh3 31. Nh4 Bg4 32. Bxf4 Bg7 33. Be3 Qd8 34. f3 Bd7
35. Qd3 Qe8 36. Kf2 e4 37. fxe4 Ng4+ 38. Ke2 Ne5 39. Qb3 Nxc4 40. Ra2 Qh5+ 41.
Nf3 Ne5 42. b6 Rf8 43. Bd4 Nxf3 44. Bxg7+ Kxg7 45. gxf3 Rxf3 46. Qxf3 Bg4 47.
Rg1 Qh2+ 48. Kf1 1-0

[Event "Klubbmesterskapet"]
[Site "?"]
[Date "2006.02.14"]
[Round "5"]
[White "Pedersen, Birger"]
[Black "Nymo Isaksen, Eirik"]
[Result "1-0"]
[WhiteElo "1258"]
[BlackElo "1252"]
[PlyCount "89"]
[SourceDate "2006.01.18"]

1. d4 Nf6 2. c4 g6 3. Nc3 Bg7 4. Be3 O-O 5. Qd2 Re8 6. h4 d5 7. cxd5 Nxd5 8.
Bh6 Bh8 9. h5 Bf5 10. hxg6 Bxg6 11. a3 Nxc3 12. bxc3 c5 13. e3 Qa5 14. Bd3 Rd8
15. Bxg6 fxg6 16. Qa2+ c4 17. Qxc4+ Qd5 18. Qd3 Qxg2 19. Qc4+ Qd5 20. Qxd5+
Rxd5 21. Ne2 Nc6 22. O-O-O Rc8 23. Rh2 e5 24. e4 Ra5 25. d5 Nd4 26. Nxd4 exd4
27. d6 Rxc3+ 28. Kd2 Rc8 29. Bf4 Rd8 30. Rdh1 Rd7 31. Rc1 Be5 32. Rc8+ Kg7 33.
Bh6+ Kf7 34. Rf8+ Ke6 35. Re8+ Kxd6 36. f4 Bf6 37. e5+ Bxe5 38. fxe5+ Rxe5 39.
Bf4 d3 40. Bxe5+ Kc6 41. Re6+ Kc5 42. Bc3 Kc4 43. Rh4+ Kb3 44. Rb4+ Kxa3 45.
Re1 1-0

[Event "Klubbmesterskapet"]
[Site "?"]
[Date "2006.02.14"]
[Round "5"]
[White "Bakke, Jan Gunnar"]
[Black "Arild, Steinar"]
[Result "0-1"]
[WhiteElo "1189"]
[BlackElo "1142"]
[PlyCount "128"]
[SourceDate "2006.01.18"]

1. d4 d5 2. c4 e6 3. Nf3 Nf6 4. Nc3 Bb4 5. Bg5 Bxc3+ 6. bxc3 Nbd7 7. e3 c6 8.
Qc2 Qa5 9. Bf4 Ne4 10. Rc1 Nb6 11. Qb3 O-O 12. Bd3 dxc4 13. Bxc4 Nxc4 14. Qxc4
Bd7 15. Ne5 Rfd8 16. f3 Nd6 17. Qb3 Be8 18. O-O b5 19. Rfd1 a6 20. Nd3 Nc4 21.
Nc5 Qb6 22. Ra1 e5 23. Bg3 Nxe3 24. Rd3 exd4 25. cxd4 Nf5 26. Bf2 Rd5 27. Rc1
Rad8 28. Qb2 f6 29. g4 Ne7 30. Ne6 R8d7 31. Nf4 Rg5 32. h4 Rg6 33. Nxg6 Bxg6
34. Rd2 Nd5 35. Qb3 Bf7 36. Qc2 Qc7 37. Kf1 Nf4 38. Qxc6 Bc4+ 39. Rxc4 bxc4 40.
Qxa6 Nd3 41. Qa8+ Rd8 42. Qe4 Qd7 43. Re2 Rc8 44. a4 h6 45. Qf5 Qxf5 46. gxf5
c3 47. Rc2 Nb4 48. Re2 c2 49. Be3 c1=Q+ 50. Bxc1 Rxc1+ 51. Re1 Rc3 52. Kf2 Ra3
53. Re8+ Kf7 54. Ra8 Ra2+ 55. Kg3 Nd5 56. Ra7+ Kg8 57. Ra5 Nb6 58. Rb5 Nxa4 59.
Ra5 Ra1 60. d5 Kf7 61. d6 Rg1+ 62. Kf2 Ra1 63. d7 Ke7 64. Ra7 Ra2+ 0-1

[Event "Klubbmesterskapet"]
[Site "?"]
[Date "2006.02.21"]
[Round "6"]
[White "Mikalsen, Odd Erling"]
[Black "Rist, Karl-Johan"]
[Result "1-0"]
[WhiteElo "1598"]
[BlackElo "1257"]
[PlyCount "73"]
[SourceDate "2006.01.18"]

1. e4 e6 2. d4 d5 3. exd5 exd5 4. c4 Nf6 5. Nc3 Be6 6. Nf3 c6 7. Qb3 Qc7 8. Ne5
Bd6 9. Bf4 O-O 10. c5 Bxe5 11. Bxe5 Qd7 12. Bxf6 gxf6 13. Bd3 Qc7 14. O-O Nd7
15. Ne2 f5 16. Qc2 Nf6 17. Bxf5 Kh8 18. Ng3 Rg8 19. Rfe1 Qd7 20. Re5 Rae8 21.
Rae1 Bxf5 22. Qxf5 Qxf5 23. Nxf5 Ne4 24. f3 Rxe5 25. dxe5 Nxc5 26. Nd6 Kg7 27.
Re3 b6 28. f4 Kf8 29. b4 Ne6 30. f5 Nf4 31. g3 c5 32. bxc5 bxc5 33. Rb3 Ne2+
34. Kf2 Nd4 35. Rb7 Rg5 36. f6 Nc6 37. Rc7 1-0

[Event "Klubbmesterskapet"]
[Site "?"]
[Date "2006.02.21"]
[Round "6"]
[White "Arild, Steinar"]
[Black "Hardersen, Steinar"]
[Result "1/2-1/2"]
[WhiteElo "1142"]
[BlackElo "1440"]
[PlyCount "130"]
[SourceDate "2006.01.18"]

1. e4 c5 2. Bc4 Nc6 3. Nf3 d6 4. d3 Nf6 5. h3 g6 6. Ng5 e6 7. Be3 Qb6 8. Bb3
Bg7 9. Nc3 O-O 10. O-O a6 11. Nf3 Qc7 12. Re1 b5 13. Bf4 b4 14. Na4 Nh5 15. Bh2
e5 16. Bd5 Ra7 17. a3 Bd7 18. c3 bxa3 19. Rxa3 Kh8 20. Ng5 Be8 21. Qb3 h6 22.
Nf3 Nf6 23. Bxc6 Bxc6 24. c4 Rb8 25. Qc2 Nd7 26. Nc3 Rb4 27. Rea1 Nb8 28. Nd1
Qb7 29. Nd2 h5 30. b3 Bd7 31. Rb1 Nc6 32. Nf3 f5 33. exf5 Bxf5 34. Ne3 Be6 35.
Ng5 Nd4 36. Qd1 Bg8 37. Nf3 Bh6 38. Nxd4 cxd4 39. Nc2 Rb6 40. Qe2 Bg7 41. f3
Qc8 42. Qe4 d5 43. Qe1 dxc4 44. bxc4 Rxb1 45. Qxb1 Rb7 46. Qe1 Qb8 47. Ra1 Qd6
48. Rb1 Rxb1 49. Qxb1 Be6 50. Qe1 Bf5 51. Qe2 Bf6 52. g4 hxg4 53. hxg4 Bd7 54.
Bg3 a5 55. Qh2+ Kg7 56. g5 Kg8 57. gxf6 Qxf6 58. Bxe5 Qg5+ 59. Qg3 Qc1+ 60. Ne1
Qe3+ 61. Kf1 Bh3+ 62. Ng2 Qxd3+ 63. Kg1 Bf5 64. Qh4 Qxc4 65. Qh8+ Kf7 1/2-1/2

[Event "Klubbmesterskapet"]
[Site "?"]
[Date "2006.02.21"]
[Round "6"]
[White "Talberg, Kristian"]
[Black "Larsen, Helge"]
[Result "1-0"]
[WhiteElo "1290"]
[BlackElo "896"]
[PlyCount "47"]
[SourceDate "2006.01.18"]

1. d4 b6 2. e4 d6 3. Nc3 Ba6 4. Bd3 e6 5. Nf3 Be7 6. O-O c6 7. Re1 Qc7 8. Ne2
Bxd3 9. Qxd3 Nd7 10. Be3 Bf6 11. Rad1 Rd8 12. c3 h6 13. d5 Ne5 14. Nxe5 dxe5
15. c4 exd5 16. cxd5 Be7 17. Qc3 c5 18. f4 Nf6 19. fxe5 Nxe4 20. Qc4 Qxe5 21.
Bf4 Nd6 22. Qa4+ b5 23. Qxa7 Qh5 24. Ng3 1-0

[Event "Klubbmesterskapet"]
[Site "?"]
[Date "2006.02.21"]
[Round "6"]
[White "Martinsen, Harald"]
[Black "Pedersen, Birger"]
[Result "1-0"]
[WhiteElo "1188"]
[BlackElo "1258"]
[PlyCount "49"]
[SourceDate "2006.01.18"]

1. d4 d5 2. Bf4 e6 3. Nf3 Bd6 4. Bg5 f6 5. Bh4 Ne7 6. e3 Ng6 7. Bg3 O-O 8. Bd3
f5 9. c4 c6 10. Bxd6 Qxd6 11. Ng5 h6 12. Nh3 dxc4 13. Bxc4 Qb4+ 14. Nd2 Qe7 15.
Qh5 Qf6 16. O-O-O a5 17. Rhg1 b5 18. Bd3 Bd7 19. g4 Be8 20. g5 Ne5 21. dxe5
Bxh5 22. gxf6 Bxd1 23. Rxg7+ Kh8 24. Kxd1 Na6 25. Nf4 1-0

[Event "Klubbmesterskapet"]
[Site "?"]
[Date "2006.02.21"]
[Round "6"]
[White "Nymo Isaksen, Eirik"]
[Black "Bakke, Jan Gunnar"]
[Result "1-0"]
[WhiteElo "1252"]
[BlackElo "1189"]
[PlyCount "57"]
[SourceDate "2006.01.18"]

1. e4 e6 2. d4 d5 3. Nc3 Bb4 4. e5 c5 5. a3 Bxc3+ 6. bxc3 Nc6 7. Nf3 Nge7 8.
Bb5 a6 9. Bxc6+ Nxc6 10. O-O c4 11. a4 O-O 12. Re1 Bd7 13. Bg5 Qe8 14. Bc1 Ne7
15. Ba3 Qd8 16. Rb1 b5 17. axb5 axb5 18. Bc5 Re8 19. Ra1 Nc6 20. Rxa8 Qxa8 21.
Ng5 h6 22. Nh3 Qa2 23. Nf4 Ra8 24. Nh5 Be8 25. Qg4 g6 26. Nf6+ Kg7 27. Qh4 Qxc2
28. f4 Qxc3 29. Qxh6+ 1-0